[Event "9th Rubinstein Memorial"]
[Site "Polanica Zdroj POL"]
[Date "1971.08.22"]
[Round "6"]
[White "Schmidt, Wlodzimierz"]
[Black "Espig, Lutz"]
[WhiteElo "2450"]
[BlackElo "2460"]
[Result "1/2-1/2"]
[EventDate "1971.08.16"]
[PlyCount "31"]
1. e4 e6 2. d4 d5 3. Nc3 Bb4 4. e5 c5 5. a3 Ba5 6. Bd2 Nc6 7. Nb5 Bc7 8. Nf3 cxd4 9. Bf4 Nge7 10. Nbxd4 Ng6 11. Nxc6 bxc6 12. Bg3 O-O 13. Bd3 f5 14. exf6 gxf6 15. Nh4 Nxh4 16. Qg4+ 1/2-1/2

[Event "9th Rubinstein Memorial"]
[Site "Polanica Zdroj POL"]
[Date "1971.08.23"]
[Round "7"]
[White "Doda, Zbigniew"]
[Black "Manasterski, Lutoslaw"]
[WhiteElo "2430"]
[BlackElo "2350"]
[Result "1-0"]
[EventDate "1971.08.16"]
[PlyCount "67"]
1. c4 e5 2. Nc3 Nf6 3. Nf3 Nc6 4. g3 d5 5. cxd5 Nxd5 6. Bg2 Nb6 7. O-O Be7 8. a3 a5 9. d3 Be6 10. Be3 Nd5 11. Nxd5 Bxd5 12. Qa4 O-O 13. Rac1 Rb8 14. Qb5 Bf6 15. Rfd1 Re8 16. Nd2 Bxg2 17. Kxg2 Bg5 18. Bxg5 Qxg5 19. Nf3 Qe7 20. Rc4 Qd6 21. Rdc1 h6 22. Rc5 Qe7 23. Qc4 Ra8 24. Rb5 Ra7 25. Qe4 Qd6 26. Rcc5 f6 27. e3 Re6 28. Rd5 Qe7 29. Nh4 Qe8 30. Qg4 Qf7 31. Nf5 Kh7 32. Nxg7 Rd6 33. Rxd6 cxd6 34. Nf5 1-0

[Event "9th Rubinstein Memorial"]
[Site "Polanica Zdroj POL"]
[Date "1971.08.23"]
[Round "7"]
[White "Spiridonov, Nikola"]
[Black "Schmidt, Wlodzimierz"]
[WhiteElo "2450"]
[BlackElo "2450"]
[Result "1/2-1/2"]
[EventDate "1971.08.16"]
[PlyCount "53"]
1. c4 Nf6 2. Nf3 g6 3. b4 Bg7 4. Bb2 O-O 5. e3 c6 6. Be2 a5 7. b5 cxb5 8. cxb5 d6 9. d4 Bf5 10. O-O Nbd7 11. Nc3 Nb6 12. Nd2 d5 13. Na4 Nfd7 14. Rc1 Nxa4 15. Qxa4 Nb6 16. Qa3 Re8 17. Bc3 Bf8 18. Qb3 Qd6 19. a4 Rec8 20. Qa2 Rc7 21. Qa1 h5 22. Nb3 Nc4 23. Rfd1 b6 24. Nd2 Nxd2 25. Bxd2 Rac8 26. Rxc7 Rxc7 27. Rc1 1/2-1/2

[Event "9th Rubinstein Memorial"]
[Site "Polanica Zdroj POL"]
[Date "1971.08.23"]
[Round "7"]
[White "Troianescu, Octav"]
[Black "Nicevski, Risto"]
[WhiteElo "2330"]
[BlackElo "2410"]
[Result "1-0"]
[EventDate "1971.08.16"]
[PlyCount "99"]
1. d4 Nf6 2. c4 c5 3. Nf3 e6 4. Nc3 cxd4 5. Nxd4 Bb4 6. Bd2 Nc6 7. e3 O-O 8. Be2 d5 9. cxd5 exd5 10. O-O Qe7 11. Ncb5 Bc5 12. Rc1 Bd7 13. a3 Rfc8 14. Bc3 Bb6 15. Nf3 Be6 16. Qa4 Ne4 17. Bd4 Nxd4 18. Nbxd4 Bg4 19. Qb5 Re8 20. Qd3 Rad8 21. Rc2 Qf6 22. Rd1 Re7 23. Qb3 h6 24. Qb4 a6 25. h3 Bd7 26. b3 Rde8 27. Bf1 a5 28. Qe1 g5 29. Bb5 Bxb5 30. Nxb5 Nxf2 31. Rxf2 Rxe3 32. Qf1 R3e4 33. Nfd4 Rxd4 34. Rxf6 Rxd1+ 35. Rxb6 Ree1 36. Qxe1 Rxe1+ 37. Kf2 Rb1 38. Rxb7 Rxb3 39. Nd6 Rxa3 40. Nxf7 d4 41. Nxh6+ Kf8 42. Nf5 Ra2+ 43. Kf3 d3 44. Ne3 a4 45. Rd7 d2 46. Ke2 a3 47. Ra7 Ra1 48. Kxd2 a2 49. Nc2 Rf1 50. Ke2 1-0

[Event "9th Rubinstein Memorial"]
[Site "Polanica Zdroj POL"]
[Date "1971.08.24"]
[Round "8"]
[White "Grabczewski, Romuald"]
[Black "Spiridonov, Nikola"]
[WhiteElo "2370"]
[BlackElo "2450"]
[Result "0-1"]
[EventDate "1971.08.16"]
[PlyCount "82"]
1. e4 Nf6 2. e5 Nd5 3. d4 d6 4. c4 Nb6 5. f4 Bf5 6. Nf3 e6 7. Nc3 dxe5 8. fxe5 Bb4 9. Be3 c5 10. a3 Bxc3+ 11. bxc3 Nc6 12. Qd2 Qc7 13. dxc5 Nd7 14. Nd4 Qxe5 15. Be2 O-O 16. O-O Be4 17. Rad1 Rad8 18. Nxc6 bxc6 19. Qd4 Qxd4 20. cxd4 Rb8 21. Bd3 Nf6 22. Bxe4 Nxe4 23. Rb1 Nc3 24. Rb4 Rxb4 25. axb4 Rb8 26. Ra1 Rxb4 27. Rxa7 h5 28. Rc7 Rxc4 29. Rxc6 Nd5 30. Bg5 Rxd4 31. Bd8 Rc4 32. Rc8 Kh7 33. c6 Kg6 34. Kf2 f6 35. Ba5 Ne7 36. Rc7 Nxc6 37. Bd2 Rc2 38. Ke3 e5 39. Rd7 Nd4 40. Kd3 Ra2 41. h3 Ra3+ 0-1

[Event "9th Rubinstein Memorial"]
[Site "Polanica Zdroj POL"]
[Date "1971.08.24"]
[Round "8"]
[White "Manasterski, Lutoslaw"]
[Black "Nicevski, Risto"]
[WhiteElo "2350"]
[BlackElo "2410"]
[Result "0-1"]
[EventDate "1971.08.16"]
[PlyCount "66"]
1. e4 c5 2. Nf3 Nc6 3. d4 cxd4 4. Nxd4 Nf6 5. Nc3 d6 6. Be2 e5 7. Nb3 Be7 8. O-O O-O 9. f4 a5 10. Be3 a4 11. Nc1 exf4 12. Rxf4 Be6 13. Nd5 Bxd5 14. exd5 Ne5 15. Rb4 Qc8 16. c4 Nfg4 17. Bd4 Bg5 18. Bxg4 Nxg4 19. h3 Be3+ 20. Bxe3 Nxe3 21. Qd3 Nc2 22. Qxc2 Qc5+ 23. Kh2 Qxb4 24. Nd3 Qb6 25. Rf1 Rfe8 26. Rf3 Qd4 27. Qc1 Rac8 28. b3 b5 29. c5 Qxd5 30. b4 dxc5 31. bxc5 Qxa2 32. Rg3 g6 33. Qg5 Qe6 0-1

[Event "9th Rubinstein Memorial"]
[Site "Polanica Zdroj POL"]
[Date "1971.08.24"]
[Round "8"]
[White "Zaitsev, Alexander"]
[Black "Pfleger, Helmut"]
[WhiteElo "2530"]
[BlackElo "2515"]
[Result "1/2-1/2"]
[EventDate "1971.08.16"]
[PlyCount "57"]
1. c4 Nf6 2. Nf3 e6 3. Nc3 d5 4. d4 Be7 5. Bg5 b6 6. e3 O-O 7. Bd3 Bb7 8. O-O Nbd7 9. Qe2 Ne4 10. Bxe7 Qxe7 11. Rac1 Nxc3 12. Rxc3 dxc4 13. Bxc4 c5 14. Ba6 cxd4 15. Nxd4 Bxa6 16. Qxa6 Nc5 17. Qa3 Qd7 18. Rfc1 e5 19. Nf3 Rfd8 20. b4 Ne4 21. R3c2 Qd1+ 22. Ne1 Qd5 23. Qa6 b5 24. h3 h6 25. Nf3 Rd7 26. Rc8+ Rxc8 27. Qxc8+ Rd8 28. Qc7 f6 29. a3 1/2-1/2

[Event "9th Rubinstein Memorial"]
[Site "Polanica Zdroj POL"]
[Date "1971.08.25"]
[Round "9"]
[White "Nicevski, Risto"]
[Black "Schmidt, Wlodzimierz"]
[WhiteElo "2410"]
[BlackElo "2450"]
[Result "0-1"]
[EventDate "1971.08.16"]
[PlyCount "82"]
1. e4 Nf6 2. e5 Nd5 3. d4 d6 4. Nf3 Bg4 5. Be2 e6 6. O-O Be7 7. c4 Nb6 8. exd6 cxd6 9. Nbd2 Nc6 10. b3 O-O 11. Bb2 Bf5 12. Bc3 a5 13. a3 Bf6 14. Qc1 e5 15. dxe5 dxe5 16. Qb2 Qc7 17. Rfe1 Rfd8 18. Bd1 Nd7 19. Bc2 Bxc2 20. Qxc2 Nc5 21. Ne4 Nxe4 22. Qxe4 Nd4 23. Bxd4 exd4 24. Rad1 a4 25. g4 g6 26. bxa4 Rxa4 27. Rb1 b6 28. g5 Bg7 29. Qe7 Qxe7 30. Rxe7 Rxc4 31. Rxb6 d3 32. Rbb7 Rf4 33. Kg2 Rxf3 34. Kxf3 d2 35. Rbd7 d1=Q+ 36. Rxd1 Rxd1 37. Re8+ Bf8 38. a4 Kg7 39. Ra8 Rd7 40. a5 Bc5 41. Ke2 Re7+ 0-1

[Event "9th Rubinstein Memorial"]
[Site "Polanica Zdroj POL"]
[Date "1971.08.25"]
[Round "9"]
[White "Pfleger, Helmut"]
[Black "Doda, Zbigniew"]
[WhiteElo "2515"]
[BlackElo "2430"]
[Result "1-0"]
[EventDate "1971.08.16"]
[PlyCount "69"]
1. Nf3 c5 2. c4 g6 3. Nc3 Bg7 4. e3 Nf6 5. d4 O-O 6. Be2 cxd4 7. exd4 d5 8. O-O Nc6 9. Bf4 Bg4 10. c5 Ne4 11. Be3 Qd7 12. h3 Bf5 13. Bf4 Rfd8 14. Bb5 Qc8 15. Re1 Nxd4 16. Nxd4 Qxc5 17. Be3 Nxc3 18. bxc3 Qxc3 19. Rc1 Qa5 20. Nxf5 gxf5 21. Bd3 e6 22. Qh5 Qa3 23. Rcd1 d4 24. Bh6 Qf8 25. Bg5 Rd5 26. g4 Qc5 27. gxf5 exf5 28. Bf4 Qc6 29. Kh2 Qg6 30. Qf3 Rad8 31. Rg1 Qf6 32. Rg3 Kh8 33. Rdg1 Bh6 34. Bxh6 Qxh6 35. Qxd5 1-0

[Event "9th Rubinstein Memorial"]
[Site "Polanica Zdroj POL"]
[Date "1971.08.25"]
[Round "9"]
[White "Pytel, Krzysztof"]
[Black "Zaitsev, Alexander"]
[WhiteElo "2320"]
[BlackElo "2530"]
[Result "1/2-1/2"]
[EventDate "1971.08.16"]
[PlyCount "55"]
1. d4 Nf6 2. c4 g6 3. Nc3 d5 4. Nf3 Bg7 5. cxd5 Nxd5 6. Bd2 O-O 7. Rc1 Nxc3 8. Bxc3 Qd5 9. b3 Bd7 10. g3 Bf5 11. Bg2 Be4 12. O-O Nc6 13. e3 Rad8 14. Nh4 Bxg2 15. Nxg2 e5 16. dxe5 Qe6 17. Qf3 Bxe5 18. Nf4 Qf6 19. Bxe5 Qxe5 20. Rc2 Rd6 21. h4 Re8 22. Rfc1 Red8 23. Kg2 Rd2 24. Rxd2 Rxd2 25. Rd1 Rxd1 26. Qxd1 Qe4+ 27. Kg1 Kg7 28. Qd7 1/2-1/2

[Event "9th Rubinstein Memorial"]
[Site "Polanica Zdroj POL"]
[Date "1971.08.25"]
[Round "9"]
[White "Troianescu, Octav"]
[Black "Grabczewski, Romuald"]
[WhiteElo "2330"]
[BlackElo "2370"]
[Result "1/2-1/2"]
[EventDate "1971.08.16"]
[PlyCount "158"]
1. e4 e5 2. Nc3 Nc6 3. Bc4 Nf6 4. d3 Bb4 5. Bd2 d6 6. a3 Ba5 7. Nf3 Be6 8. Qe2 O-O 9. h3 h6 10. O-O Bb6 11. Na4 Nd7 12. Nxb6 axb6 13. Bxe6 fxe6 14. c3 Qf6 15. Rad1 Rf7 16. Nh2 Qh4 17. Qg4 Qxg4 18. Nxg4 Nc5 19. Be3 Na4 20. Rd2 Na5 21. f3 b5 22. Re2 c5 23. Rd1 Nc6 24. Bf2 b4 25. axb4 cxb4 26. cxb4 Nxb4 27. d4 h5 28. Ne3 Rc7 29. dxe5 dxe5 30. Ra1 Ra6 31. Rd2 Kf7 32. Bg3 Kf6 33. b3 Nc5 34. Rxa6 Nbxa6 35. Rd6 Rc6 36. Nc4 Rxd6 37. Bxe5+ Kg6 38. Nxd6 Nb4 39. Bc3 Na2 40. b4 Nd3 41. Bd2 Naxb4 42. Nxb7 Nc6 43. Be3 Kf6 44. h4 e5 45. Nd6 g6 46. Kf1 Ke6 47. Nc4 Ndb4 48. Ke2 Nc2 49. Bf2 N2d4+ 50. Kd2 Nb5 51. Bc5 Nc7 52. Kd3 Nb5 53. Ne3 Nc7 54. g3 Ne8 55. Bb6 Nd6 56. Nd5 Nf7 57. Be3 Nd6 58. Bc5 Nb7 59. Be3 Nd6 60. f4 Kd7 61. Bc5 Ke6 62. Bxd6 Kxd6 63. f5 gxf5 64. Nf6 f4 65. Nxh5 fxg3 66. Nxg3 Ke6 67. Nf5 Nb8 68. Ne3 Nd7 69. Ng4 Nf8 70. h5 Nh7 71. Kc2 Ng5 72. Kd3 Nh7 73. Ke3 Ng5 74. h6 Nh7 75. Kd3 Ng5 76. Ke3 Nh7 77. Kf3 Ng5+ 78. Kg3 Nxe4+ 79. Kh4 Kf7 1/2-1/2

[Event "9th Rubinstein Memorial"]
[Site "Polanica Zdroj POL"]
[Date "1971.08.26"]
[Round "10"]
[White "Doda, Zbigniew"]
[Black "Pytel, Krzysztof"]
[WhiteElo "2430"]
[BlackElo "2320"]
[Result "0-1"]
[EventDate "1971.08.16"]
[PlyCount "84"]
1. c4 Nf6 2. Nf3 e6 3. g3 b6 4. Bg2 Bb7 5. O-O c5 6. Nc3 Be7 7. d3 O-O 8. e4 d5 9. e5 Ne8 10. cxd5 exd5 11. d4 Nc7 12. Re1 Nc6 13. Be3 Qd7 14. dxc5 bxc5 15. Bg5 h6 16. Bxe7 Qxe7 17. Rc1 Rfd8 18. Nh4 g6 19. f4 c4 20. Kh1 Nb4 21. f5 Nd3 22. Rf1 Nxe5 23. Qd4 Qd6 24. Rce1 Nc6 25. Qd2 Kg7 26. Rd1 Qe5 27. Qf2 Qf6 28. fxg6 Qxf2 29. Rxf2 fxg6 30. Rdf1 Ne5 31. Re2 Re8 32. Rfe1 Nd3 33. Re7+ Kf6 34. Rxe8 Rxe8 35. Rxe8 Nxe8 36. Bxd5 Bxd5+ 37. Nxd5+ Ke5 38. Nc3 Nxb2 39. Nxg6+ Kd4 40. Nb5+ Kc5 41. Nc3 Nd6 42. Ne7 Kd4 0-1

[Event "9th Rubinstein Memorial"]
[Site "Polanica Zdroj POL"]
[Date "1971.08.26"]
[Round "10"]
[White "Grabczewski, Romuald"]
[Black "Nicevski, Risto"]
[WhiteElo "2370"]
[BlackElo "2410"]
[Result "0-1"]
[EventDate "1971.08.16"]
[PlyCount "70"]
1. e4 c5 2. Nf3 Nc6 3. d4 cxd4 4. Nxd4 Nf6 5. Nc3 d6 6. Bc4 e6 7. Be3 Be7 8. Bb3 O-O 9. O-O Nxd4 10. Bxd4 b5 11. Nxb5 Ba6 12. c4 Bxb5 13. cxb5 Nxe4 14. Qe2 d5 15. Rac1 Bf6 16. Bxf6 Qxf6 17. Rc6 Qd4 18. Rd1 Qb4 19. Bc2 Rab8 20. Bd3 Rfd8 21. Qc2 Nf6 22. a3 Qf4 23. g3 Qh6 24. Qe2 Ne8 25. a4 Qf6 26. a5 Qe7 27. f4 Qb4 28. Qc2 Qxa5 29. Bxh7+ Kh8 30. Bd3 Qb4 31. Qe2 Kg8 32. Rdc1 Nd6 33. Rc7 Nxb5 34. Qh5 Nxc7 35. Rxc7 Qb6+ 0-1

[Event "9th Rubinstein Memorial"]
[Site "Polanica Zdroj POL"]
[Date "1971.08.26"]
[Round "10"]
[White "Manasterski, Lutoslaw"]
[Black "Schmidt, Wlodzimierz"]
[WhiteElo "2350"]
[BlackElo "2450"]
[Result "1/2-1/2"]
[EventDate "1971.08.16"]
[PlyCount "21"]
1. c4 Nf6 2. g3 g6 3. b3 Bg7 4. Bb2 O-O 5. Bg2 c6 6. Nf3 d5 7. O-O Bf5 8. d3 a5 9. Nbd2 Na6 10. Re1 a4 11. h3 1/2-1/2

[Event "9th Rubinstein Memorial"]
[Site "Polanica Zdroj POL"]
[Date "1971.08.26"]
[Round "10"]
[White "Zaitsev, Alexander"]
[Black "Kozma, Julius"]
[WhiteElo "2530"]
[BlackElo "2360"]
[Result "1/2-1/2"]
[EventDate "1971.08.16"]
[PlyCount "73"]
1. e4 c6 2. d4 d5 3. exd5 cxd5 4. c4 Nf6 5. Nc3 e6 6. Nf3 Be7 7. cxd5 exd5 8. Bb5+ Bd7 9. Bxd7+ Nbxd7 10. Qb3 Nb6 11. O-O O-O 12. Bf4 Rc8 13. Rfe1 h6 14. h3 Re8 15. Re2 Bf8 16. Be5 Re6 17. Rae1 Qd7 18. Bxf6 Rxf6 19. Ne5 Qd8 20. a4 a5 21. Qb5 Qd6 22. Nd3 Qc6 23. Re8 Rxe8 24. Rxe8 Re6 25. Qxc6 bxc6 26. Rb8 Nc4 27. f4 g6 28. Nc5 Re7 29. b3 Nd2 30. Rc8 Re3 31. Na2 Re1+ 32. Kf2 Ra1 33. Nc3 Kg7 34. Rxc6 Bxc5 35. dxc5 d4 36. Nb5 Nxb3 37. Ke2 1/2-1/2

[Event "9th Rubinstein Memorial"]
[Site "Polanica Zdroj POL"]
[Date "1971.08.28"]
[Round "11"]
[White "Kozma, Julius"]
[Black "Doda, Zbigniew"]
[WhiteElo "2360"]
[BlackElo "2430"]
[Result "1/2-1/2"]
[EventDate "1971.08.16"]
[PlyCount "145"]
1. d4 Nf6 2. Nf3 g6 3. g3 Bg7 4. Bg2 O-O 5. O-O c5 6. c3 Na6 7. Nbd2 d5 8. dxc5 Nxc5 9. Nb3 Nce4 10. Ng5 Nd6 11. Nf3 a5 12. a4 Nc4 13. Nbd2 Nd6 14. Nb3 b6 15. Nbd4 Bb7 16. Nb5 Nxb5 17. axb5 Qd7 18. Qd3 Ne4 19. Be3 Nc5 20. Bxc5 bxc5 21. Rfd1 Qc7 22. Nd2 Rfd8 23. Qc2 Qb6 24. c4 e6 25. Rac1 a4 26. Ra1 Qa5 27. Ra2 Qb4 28. Rda1 dxc4 29. Nxc4 Bd5 30. Rxa4 Rxa4 31. Rxa4 Qxb5 32. b3 h5 33. h4 Bf6 34. e4 Bxc4 35. bxc4 Qb6 36. Ra2 Qb4 37. Bf1 Qe1 38. Qe2 Qc3 39. Rc2 Qa1 40. Ra2 Qd4 41. Kg2 Qd6 42. f4 Bd4 43. Qf3 Kg7 44. f5 Rd7 45. g4 hxg4 46. Qxg4 Qe5 47. Re2 exf5 48. exf5 Qxf5 49. Qxf5 gxf5 50. Ra2 Kf6 51. Kf3 Rb7 52. Bd3 Rb3 53. Rd2 Ra3 54. h5 Ra1 55. Rh2 Ra3 56. Rd2 Ra1 57. Rh2 Be5 58. Rh3 Ra3 59. Ke2 Ra2+ 60. Kf3 Bd4 61. Be2 Ra8 62. h6 Re8 63. Bd3 Kg5 64. h7 f4 65. Be4 f5 66. Bd3 Bh8 67. Bf1 Ra8 68. Be2 Ra2 69. Bd3 Ra3 70. Kg2 Rc3 71. Be2 Rc2 72. Kf3 Rb2 73. Bd3 1/2-1/2

[Event "9th Rubinstein Memorial"]
[Site "Polanica Zdroj POL"]
[Date "1971.08.28"]
[Round "11"]
[White "Pfleger, Helmut"]
[Black "Manasterski, Lutoslaw"]
[WhiteElo "2515"]
[BlackElo "2350"]
[Result "1/2-1/2"]
[EventDate "1971.08.16"]
[PlyCount "104"]
1. e4 c5 2. Nf3 Nc6 3. Bb5 g6 4. O-O Bg7 5. Re1 Nf6 6. e5 Nd5 7. Nc3 Nc7 8. Bc4 O-O 9. d3 b6 10. Bf4 Ne6 11. Bg3 Bb7 12. Ne4 Ned4 13. Nxd4 Nxd4 14. Bf4 Nf5 15. Qg4 d5 16. exd6 Nxd6 17. Nxd6 exd6 18. c3 d5 19. Bb3 Bc6 20. Be5 Re8 21. d4 c4 22. Bc2 Qd7 23. Qxd7 Bxd7 24. Bxg7 Kxg7 25. Re5 Bc6 26. Rae1 f6 27. Rxe8 Rxe8 28. Rxe8 Bxe8 29. b3 b5 30. bxc4 bxc4 31. f4 Bd7 32. Kf2 a5 33. Bd1 f5 34. Bf3 Be6 35. h3 h5 36. Kg3 Kh6 37. a3 Bf7 38. Kh4 Be6 39. Bd1 Bd7 40. g3 Be8 41. g4 hxg4 42. hxg4 Bd7 43. Be2 Bc8 44. gxf5 gxf5 45. Bh5 Be6 46. Be8 Bg8 47. Bd7 Kg6 48. Bc8 Bf7 49. Bd7 Kf6 50. Ba4 Kg6 51. Bd1 Kh6 52. Bf3 Bg8 1/2-1/2

[Event "9th Rubinstein Memorial"]
[Site "Polanica Zdroj POL"]
[Date "1971.08.29"]
[Round "12"]
[White "Doda, Zbigniew"]
[Black "Espig, Lutz"]
[WhiteElo "2430"]
[BlackElo "2460"]
[Result "1/2-1/2"]
[EventDate "1971.08.16"]
[PlyCount "24"]
1. Nf3 c5 2. c4 g6 3. Nc3 Bg7 4. g3 Nc6 5. Bg2 e6 6. O-O Nge7 7. e3 d5 8. cxd5 Nxd5 9. d4 cxd4 10. Nxd4 Nxd4 11. exd4 O-O 12. Nxd5 exd5 1/2-1/2

[Event "9th Rubinstein Memorial"]
[Site "Polanica Zdroj POL"]
[Date "1971.08.29"]
[Round "12"]
[White "Manasterski, Lutoslaw"]
[Black "Grabczewski, Romuald"]
[WhiteElo "2350"]
[BlackElo "2370"]
[Result "1-0"]
[EventDate "1971.08.16"]
[PlyCount "123"]
1. c4 e5 2. Nc3 Nf6 3. Nf3 Nc6 4. g3 Bb4 5. Bg2 O-O 6. O-O e4 7. Ng5 Bxc3 8. bxc3 Re8 9. Nh3 d6 10. Nf4 Ne5 11. d3 Bf5 12. Qb3 Rb8 13. d4 Nc6 14. Nd5 Nd7 15. a4 Na5 16. Qb5 c5 17. Bf4 a6 18. Qb1 Nxc4 19. Ne3 Nxe3 20. fxe3 Qc7 21. Bxd6 Qxd6 22. Rxf5 cxd4 23. exd4 Nf6 24. Qb3 Qe6 25. Qxe6 Rxe6 26. c4 b6 27. e3 g6 28. Rf4 Kg7 29. Raf1 Rb7 30. a5 Rc7 31. axb6 Rxb6 32. c5 Re6 33. Bh3 Rec6 34. Ra1 Re7 35. Rf2 Nd5 36. Ra3 Rb7 37. Rf1 Rb2 38. Bg2 f5 39. Re1 Nb4 40. Bf1 Kf6 41. Rd1 g5 42. Bg2 h5 43. h3 Nd5 44. Rf1 Re6 45. h4 Re2 46. hxg5+ Kxg5 47. Bh3 Nxe3 48. Rc1 Rc2 49. Rc3 Rxc1+ 50. Rxc1 Rc6 51. Kf2 f4 52. gxf4+ Kxf4 53. Ke2 Nd5 54. Bd7 Rg6 55. Rf1+ Kg3 56. Rg1+ Kh2 57. Rxg6 Nf4+ 58. Ke3 Nxg6 59. Kxe4 Kg3 60. c6 h4 61. c7 Ne7 62. d5 1-0

[Event "9th Rubinstein Memorial"]
[Site "Polanica Zdroj POL"]
[Date "1971.08.29"]
[Round "12"]
[White "Pfleger, Helmut"]
[Black "Pytel, Krzysztof"]
[WhiteElo "2515"]
[BlackElo "2320"]
[Result "1-0"]
[EventDate "1971.08.16"]
[PlyCount "135"]
1. Nf3 c5 2. c4 Nf6 3. g3 g6 4. Bg2 Bg7 5. d4 O-O 6. O-O cxd4 7. Nxd4 d5 8. Na3 Na6 9. Bf4 Nh5 10. Be3 e5 11. Ndb5 d4 12. Bd2 f5 13. e3 d3 14. e4 Nf6 15. Nc3 Nc5 16. Bg5 Ncxe4 17. Nxe4 fxe4 18. Nb5 Bf5 19. c5 h6 20. Bxf6 Rxf6 21. Nd6 Kh7 22. g4 Bd7 23. Bxe4 Rf4 24. f3 Bc6 25. Qxd3 Bxe4 26. fxe4 Rxg4+ 27. Kh1 Rf4 28. b4 Qd7 29. b5 Raf8 30. Rae1 Qg4 31. Rg1 Qh5 32. Qe2 Qh4 33. Qg2 R8f6 34. Re2 Kh8 35. Nf5 Qh5 36. c6 bxc6 37. bxc6 Rxc6 38. Ne7 Rff6 39. Nxc6 Rxc6 40. Rc2 Rd6 41. Qg4 Qxg4 42. Rxg4 h5 43. Rgg2 Kh7 44. Rgd2 Ra6 45. Rd7 Kh6 46. Rcc7 Bf6 47. Rxa7 Rb6 48. Rab7 Ra6 49. Ra7 Rb6 50. a4 Kg5 51. Rab7 Ra6 52. Ra7 Rb6 53. Rab7 Ra6 54. Rb4 Kf4 55. Rd1 Ke3 56. Kg2 g5 57. h3 Be7 58. Rc4 g4 59. Re1+ Kd3 60. Rec1 Rg6 61. R1c3+ Kd2 62. hxg4 Bh4 63. Kh3 Rxg4 64. a5 Bf2 65. a6 Ke2 66. Rc2+ Kd3 67. R4c3+ Kd4 68. a7 1-0

[Event "9th Rubinstein Memorial"]
[Site "Polanica Zdroj POL"]
[Date "1971.08.29"]
[Round "12"]
[White "Zaitsev, Alexander"]
[Black "Spiridonov, Nikola"]
[WhiteElo "2530"]
[BlackElo "2450"]
[Result "1/2-1/2"]
[EventDate "1971.08.16"]
[PlyCount "56"]
1. e4 c6 2. d4 g6 3. c4 d5 4. exd5 cxd5 5. Nc3 Nf6 6. Qb3 Bg7 7. cxd5 O-O 8. Be2 Nbd7 9. Bf3 Nb6 10. Bg5 a5 11. Bxf6 exf6 12. Nge2 Bf5 13. Rd1 Bh6 14. O-O Rc8 15. Ng3 Bd7 16. Nge4 a4 17. Qb4 Re8 18. d6 Bf8 19. Nxf6+ Qxf6 20. Qxb6 Qxd6 21. Qxd6 Bxd6 22. Ne4 Be7 23. Nc5 Bxc5 24. dxc5 Bb5 25. Bxb7 Rxc5 26. Rfe1 Rxe1+ 27. Rxe1 Rc2 28. Rb1 Bc4 1/2-1/2

[Event "9th Rubinstein Memorial"]
[Site "Polanica Zdroj POL"]
[Date "1971.08.30"]
[Round "13"]
[White "Kozma, Julius"]
[Black "Pfleger, Helmut"]
[WhiteElo "2360"]
[BlackElo "2515"]
[Result "1/2-1/2"]
[EventDate "1971.08.16"]
[PlyCount "39"]
1. d4 Nf6 2. c4 e6 3. Nc3 c5 4. e3 d5 5. Nf3 Nc6 6. a3 a6 7. cxd5 exd5 8. Be2 c4 9. Ne5 Bd6 10. f4 O-O 11. Bf3 Ne7 12. O-O b5 13. b3 cxb3 14. Qxb3 Bb7 15. Bd2 Ne4 16. Be1 Rc8 17. Rc1 Ng6 18. Nxe4 dxe4 19. Rxc8 Qxc8 20. Bg4 1/2-1/2

[Event "9th Rubinstein Memorial"]
[Site "Polanica Zdroj POL"]
[Date "1971.08.30"]
[Round "13"]
[White "Pytel, Krzysztof"]
[Black "Manasterski, Lutoslaw"]
[WhiteElo "2320"]
[BlackElo "2350"]
[Result "1-0"]
[EventDate "1971.08.16"]
[PlyCount "80"]
1. d4 d5 2. c4 e6 3. Nc3 c5 4. cxd5 exd5 5. Nf3 Nf6 6. g3 Nc6 7. Bg2 Be7 8. O-O O-O 9. b3 Ne4 10. Bb2 Bf6 11. Na4 Be6 12. Rc1 c4 13. bxc4 dxc4 14. Ne5 Bxe5 15. dxe5 f5 16. exf6 Nxf6 17. Nc5 Bf7 18. Bxf6 Qxf6 19. Nd7 Qe6 20. Nxf8 Rxf8 21. Rb1 Rd8 22. Qa4 Nd4 23. e3 Ne2+ 24. Kh1 Bg6 25. Rbd1 Bd3 26. Qxa7 Qf6 27. Qxb7 Nc3 28. Rd2 Re8 29. Qd7 Rd8 30. Qc7 Rf8 31. Rxd3 cxd3 32. Qc4+ Kh8 33. Qxd3 Nxa2 34. Qc4 Qb2 35. Qc5 Rd8 36. Qa5 Rf8 37. Kg1 Nc3 38. Qc5 Rb8 39. Bf3 h6 40. Kg2 Qd2 1-0

[Event "9th Rubinstein Memorial"]
[Site "Polanica Zdroj POL"]
[Date "1971.08.30"]
[Round "13"]
[White "Spiridonov, Nikola"]
[Black "Doda, Zbigniew"]
[WhiteElo "2450"]
[BlackElo "2430"]
[Result "1-0"]
[EventDate "1971.08.16"]
[PlyCount "99"]
1. d4 Nf6 2. c4 c5 3. d5 d6 4. Nc3 g6 5. e4 Bg7 6. Be2 O-O 7. Nf3 e5 8. O-O Ne8 9. a3 Nd7 10. b4 h6 11. Ne1 b6 12. Nd3 f5 13. f3 Nef6 14. Rb1 Rf7 15. Bd2 Nf8 16. Nf2 f4 17. bxc5 bxc5 18. Qe1 N8h7 19. Nb5 Ne8 20. Ba5 Qe7 21. Rb2 g5 22. Qd2 Nhf6 23. Rfb1 Bf8 24. Nc3 Rg7 25. Rb8 Rxb8 26. Rxb8 Bd7 27. Rb7 h5 28. h3 Qf7 29. Rxa7 Qg6 30. Qd1 Nh7 31. a4 Nef6 32. Bb6 g4 33. fxg4 Ng5 34. a5 hxg4 35. hxg4 Bc8 36. Rxg7+ Qxg7 37. Bf3 Qh7 38. Bd8 Be7 39. Bxe7 Qxe7 40. Qb3 Ba6 41. Qb8+ Qf8 42. Qxf8+ Kxf8 43. Nb5 Ne8 44. Nh3 Nf7 45. g5 Bc8 46. Bh5 Ke7 47. g6 Nd8 48. Nc7 Ng7 49. Bd1 Kd7 50. Na8 1-0

[Event "9th Rubinstein Memorial"]
[Site "Polanica Zdroj POL"]
[Date "1971.08.30"]
[Round "13"]
[White "Troianescu, Octav"]
[Black "Zaitsev, Alexander"]
[WhiteElo "2330"]
[BlackElo "2530"]
[Result "1-0"]
[EventDate "1971.08.16"]
[PlyCount "151"]
1. e4 c5 2. Nc3 Nc6 3. f4 g6 4. Nf3 Bg7 5. g3 d6 6. Bg2 e6 7. O-O Nge7 8. d3 O-O 9. Be3 Nd4 10. Qd2 Rb8 11. Bf2 e5 12. fxe5 dxe5 13. Be3 f6 14. Nd5 Be6 15. c3 Nxf3+ 16. Bxf3 b6 17. c4 Rf7 18. a3 Nc6 19. b4 Nd4 20. Rab1 f5 21. Bxd4 cxd4 22. exf5 gxf5 23. b5 Rc8 24. Bg2 Qd6 25. Qe2 Kh8 26. a4 Bh6 27. Kh1 Bxd5 28. Bxd5 Rf6 29. a5 Be3 30. axb6 axb6 31. Ra1 Rcf8 32. Ra7 Rh6 33. Rfa1 f4 34. Qg4 Rg6 35. Qh3 Rh6 36. Qg4 Rg6 37. Qh3 Rh6 38. Qg2 e4 39. Ra8 f3 40. Qf1 Rhf6 41. Bxe4 f2 42. R1a7 Rxa8 43. Rxa8+ Rf8 44. Qh3 Bh6 45. Qf5 f1=Q+ 46. Qxf1 Rxa8 47. Bxa8 Qf8 48. Bf3 Qf6 49. Kg2 Bf8 50. Qe2 Kg7 51. Qe4 Bc5 52. Qd5 Qf7 53. Qc6 Qf8 54. Be4 Qd6 55. Qc8 Qf8 56. Qg4+ Kh8 57. Bd5 Qg7 58. Qc8+ Qf8 59. Qe6 Qg7 60. h4 Qf8 61. g4 h6 62. g5 Qg7 63. Be4 hxg5 64. Qe8+ Bf8 65. h5 Qg8 66. Qc6 Qf7 67. Qxb6 Qxh5 68. Qxd4+ Kg8 69. Bd5+ Kh7 70. Qe4+ Qg6 71. Qxg6+ Kxg6 72. Kf3 Kf5 73. d4 g4+ 74. Ke3 g3 75. c5 Be7 76. Kd3 1-0

[Event "9th Rubinstein Memorial"]
[Site "Polanica Zdroj POL"]
[Date "1971.09.01"]
[Round "14"]
[White "Doda, Zbigniew"]
[Black "Troianescu, Octav"]
[WhiteElo "2430"]
[BlackElo "2330"]
[Result "1-0"]
[EventDate "1971.08.16"]
[PlyCount "75"]
1. Nf3 Nf6 2. c4 e6 3. g3 Be7 4. Bg2 d5 5. O-O O-O 6. d4 c6 7. Qc2 Nbd7 8. Bf4 Nh5 9. Bc1 Nhf6 10. Bf4 Nh5 11. Bd2 f5 12. Rd1 h6 13. Bf1 Nhf6 14. cxd5 cxd5 15. Nc3 a6 16. Na4 Ne4 17. b4 Bd6 18. Nc5 Nb6 19. Rac1 Qe8 20. Ne5 Nxc5 21. bxc5 Bxe5 22. dxe5 Nc4 23. Qc3 Qf7 24. Qd4 Re8 25. f3 Na3 26. e4 Nb5 27. Qd3 dxe4 28. fxe4 f4 29. a4 Na7 30. Bg2 fxg3 31. Qxg3 Kh7 32. Rf1 Qg6 33. Qh4 Bd7 34. Rf3 Rg8 35. Rg3 Qe8 36. Rf1 Nc6 37. Rf6 h5 38. Qg5 1-0

[Event "9th Rubinstein Memorial"]
[Site "Polanica Zdroj POL"]
[Date "1971.09.01"]
[Round "14"]
[White "Pytel, Krzysztof"]
[Black "Kozma, Julius"]
[WhiteElo "2320"]
[BlackElo "2360"]
[Result "1/2-1/2"]
[EventDate "1971.08.16"]
[PlyCount "29"]
1. d4 Nf6 2. c4 g6 3. Nc3 d5 4. Nf3 Bg7 5. cxd5 Nxd5 6. Bd2 c5 7. Rc1 Nxc3 8. Bxc3 cxd4 9. Nxd4 O-O 10. e3 Qd5 11. Nb5 Qxd1+ 12. Rxd1 Nc6 13. Bxg7 Kxg7 14. Be2 Bf5 15. g3 1/2-1/2